000 003270000a22001570004500
003 MACL
040 _aMACL
090 _c7190
_d7189
100 _aAthavale, V.R.
245 _aPandit Vishnu Digambar
260 _bNatioal Book Trust
_c1967
350 _a1.25
650 _aBiography
942 _cBOOK
_k920
951 _o920 BOOK
999 _c7143
_d7143